Загрузка...

A Career in Book Publishing

Библиографические подробности
Главный автор: Samuel Israel
Формат: Printed Book
Опубликовано: National Book Trust, India, New Delhi 1996
LEADER 00337nam a2200109 4500
082
100 |a Samuel Israel 
245 |a A Career in Book Publishing  |c Samuel Israel 
260 |a National Book Trust, India, New Delhi  |c 1996 
942 |c BK 
999 |c 196932  |d 196932 
952 |0 0  |1 0  |4 0  |7 0  |9 210281  |a DCI  |b DCI  |d 2019-10-29  |l 0  |p DCI3600  |r 2019-10-29  |w 2019-10-29  |y BK